Bytový dom

Enregistré dans:
Détails bibliographiques
Auteur principal: Frajberg, Nikolaj (Auteur)
Autres auteurs: Ďubek, Silvia (Directeur de thèse)
Format: Manuscrit Livre
Langue:slovaque
Publié: 2024
Sujets:
Accès en ligne:http://is.stuba.sk/zp/portal_zp.pl?podrobnosti=167841
https://opac.crzp.sk/?fn=detailBiblioForm&sid=F0082B7A009D1614BCC11BB883AC
Tags: Ajouter un tag
Pas de tags, Soyez le premier à ajouter un tag!

MARC

LEADER 00000ntm a22000003a 4500
001 stuzp99170
003 SK-STU
005 20240917095157.8
007 ta
008 150427s2015----xo-----f-mn---000-0-slo-d
040 |a STU  |b slo 
041 0 |a slo 
100 1 |a Frajberg, Nikolaj  |u 010270  |4 aut  |U SvF Stavebná fakulta  |T SvF Katedra technológie stavieb  |X 115202  |U V270  |Y 28  |7 115202 
242 0 1 |a Apartment House  |y eng 
245 1 0 |a Bytový dom 
260 |c 2024 
650 4 |a projekt organizácie výstavby  |2 slo 
650 4 |a realizácia skladby podlahy na balkónoch  |2 slo 
650 4 |a bytový dom  |2 slo 
650 4 |a apartment building  |2 eng 
650 4 |a construction organisation project  |2 eng 
650 4 |a implementation of floor composition on balconies  |2 eng 
700 1 |a Ďubek, Silvia  |u 010270  |k Z1  |4 ths  |U SvF Stavebná fakulta  |T SvF Katedra technológie stavieb  |X 49683  |U V270  |Y 28  |7 A000049683 
856 4 |u http://is.stuba.sk/zp/portal_zp.pl?podrobnosti=167841 
856 4 |u https://opac.crzp.sk/?fn=detailBiblioForm&sid=F0082B7A009D1614BCC11BB883AC